| 000 | 00626nam a2200181 i 4500 | ||
|---|---|---|---|
| 001 | 42125 | ||
| 003 | ES-MaACL | ||
| 005 | 20230906160542.0 | ||
| 007 | t| | ||
| 008 | 030312s1952 sp ||||1| cat d | ||
| 100 | 1 |
_aCastelló, Juan. _936556 |
|
| 245 | 1 | 0 |
_aIbiza et Formentera _b: index pour le voyageur / _credigé par Juan Castelló ; dessinè par Juan Ribas ; traduit par Vicente Bonet. |
| 260 |
_aPalma de Mallorca : _b[s.n., _c1952] ( _fTall. Tip. Suc. de F. Ferrer) |
||
| 300 |
_a108 p. : _bil. ; _c16 cm. |
||
| 700 | 1 |
_aRibas, Juan. _996724 |
|
| 700 | 1 |
_aBonet, Vicente. _930123 |
|
| 852 |
_aES-MaACL _jD-8327 _bR.33032 |
||
| 999 |
_c42125 _d42125 |
||